| 000 | 00832nam a22001577a 4500 | ||
|---|---|---|---|
| 008 | 210423b ||||| |||| 00| 0 eng d | ||
| 020 | _a9781405129572 | ||
| 082 | _a759.9 GEO | ||
| 100 | _aGeorge, Kenneth M. | ||
| 245 | _aPicturing Islam : art and ethics in a Muslim lifeworld | ||
| 260 |
_aChichester, West Sussex, U.K. ; Malden, MA : _bWiley-Blackwell, _c2010. |
||
| 300 |
_axviii, 164 p., [16] p. of plates : _bill. (some col.) ; _c25 cm. |
||
| 500 | _a Includes bibliographical references (p. 148-154) and index. | ||
| 650 | _aPirous, A. D. (Abdul Djalil), 1932- Muslim artists--Indonesia--Aceh--Biography. Islam and art. Islam and culture--Indonesia--Aceh. Islam and politics--Indonesia--Aceh. Art and anthropology--Indonesia--Aceh. Art and religion--Indonesia--Aceh. Politics and culture--Indonesia--Aceh. | ||
| 942 | _2ddc | ||
| 999 |
_c8688 _d8689 |
||